[Event "Pennant-chT"]
[Site "Adelaide"]
[Date "2016.10.11"]
[Round "3"]
[White "Cox, Barry J"]
[Black "Mohammadi, Behrang"]
[Result "1/2-1/2"]
[WhiteElo "1865"]
[BlackElo "1485"]
[PlyCount "74"]
[EventDate "2016.09.27"]
[EventType "team-tourn"]
[EventRounds "9"]
[EventCountry "AUS"]
[SourceTitle "EXT 2023"]
[Source "ChessBase"]
[SourceDate "2022.10.05"]
[SourceVersion "1"]
[SourceVersionDate "2022.10.05"]
[SourceQuality "1"]

1. Nf3 d5 2. d4 Nf6 3. c4 c6 4. Nc3 a6 5. c5 b6 6. cxb6 Qxb6 7. e3 e6 8. Bd3 c5 9. dxc5 Bxc5 10. 0-0 Bd7 11. Qe2 0-0 12. Rb1 Re8 13. b4 Bf8 14. b5 a5 15. Na4 Qd6 16. Bb2 e5 17. Nxe5 Rxe5 18. Bxe5 Qxe5 19. Nb6 Ra7 20. Rfc1 Rb7 21. Nxd7 Nbxd7 22. Qc2 Nc5 23. Bf1 Nce4 24. Qc6 Rb8 25. b6 Ng4 26. g3 Nexf2 27. b7 Qxe3 28. Re1 Nh3+ 29. Kg2 Nf4+ 30. gxf4 Qf2+ 31. Kh3 Qf3+ 32. Kh4 Nxh2 33. Be2 Qxf4+ 34. Kh3 g5 35. Rg1 Qh4+ 36. Kg2 g4 37. Qc2 Bd6 1/2-1/2